| 000 | 00986nmm a2200265 a 4500 | ||
|---|---|---|---|
| 003 | AR-BaBNM | ||
| 005 | 20251128205231.0 | ||
| 008 | 077019s[ca. ||||||||||||||000 | spa|| | ||
| 040 | _cAR-BaBNM | ||
| 100 | 1 | _aCavazos, Lauro F. | |
| 245 | 1 | 0 |
_aCrecer libre de drogas _bguía de prevención para los padres de familia |
| 260 |
_aWashington, D.C. _bDepartamento de Educación de los Estados Unidos _c[ca. 1980] |
||
| 300 | 0 |
_a52 p. _btablas, diagr. |
|
| 500 | 0 | _aContiene referencias bibliográficas | |
| 500 | 0 | _aContiene guía de instituciones estadounidenses que se ocupan de los problemas de los padres con hijos drogadictos | |
| 500 | 0 | _aContiene lista de material de lectura en inglés para alumnos de escuelas primarias y secundarias | |
| 650 | 4 | _aDROGAS | |
| 650 | 4 | _aDROGADICCION | |
| 650 | 4 | _aRELACION PADRES-HIJOS | |
| 653 | 0 | _aPREVENCION DE ADICCIONES | |
| 653 | 0 | _aEDUCACION PARA LA SALUD | |
| 653 | 0 | _aORIENTACION EDUCATIVA | |
| 942 | _cBK | ||
| 998 | _csilvi | ||
| 999 |
_c10533 _d10533 |
||